00479nam a2200181 a 4500001001300000003000900013005001700022008004100039020002400080082001600104100002200120245002700142260004200169300000900211500003500220650002000255700002200275nice12345678IN_TiNIC20260116014630.0070307s2001 newa grp 000 0 eng  a8177551604 c125000a294.55bSAS aSastri, Gaurinath aIntroduction to Tantra aNew Delhi bCosmo Publications c2001 a336p aincludes index and biblioraphy aTantra-Hinduism1 aSastri, Gaurinath